[Event "WchT Blitz Pool B"]
[Site "London"]
[Date "2025.06.14"]
[Round "3.1"]
[White "Bansal, Rohan"]
[Black "Harvey, Marcus Ross"]
[Result "0-1"]
[WhiteElo "2005"]
[BlackElo "2445"]
[PlyCount "100"]
[EventDate "2025.06.14"]
[EventType "team-tourn"]
[EventRounds "13"]
[EventCountry "ENG"]
[SourceTitle "CB25_2025"]
[SourceDate "2025.06.18"]
[SourceVersion "1"]
[SourceVersionDate "2025.06.18"]
[SourceQuality "1"]
[WhiteTeam "Desert Penguins"]
[BlackTeam "Wood Green"]
[WhiteTeamCountry "ENG"]
[BlackTeamCountry "ENG"]

1. d4 Nf6 2. Nf3 b6 3. e3 Bb7 4. Bd3 c5 5. b3 cxd4 6. exd4 g6 7. Bb2 Bg7 8. 0-0 0-0 9. Nbd2 Nc6 10. a3 d5 11. Re1 e6 12. Qe2 Qc7 13. Rac1 Rac8 14. h3 Qb8 15. Ne5 Nxe5 16. dxe5 Nd7 17. c4 Nc5 18. Bc2 Rfd8 19. Rcd1 a5 20. f4 d4 21. Bb1 Rc7 22. Qf2 Rcd7 23. g4 Ba8 24. b4 axb4 25. axb4 Na4 26. Ne4 Nxb2 27. Qxb2 d3 28. Qg2 Qb7 29. Rd2 Rd4 30. Nf6+ Bxf6 31. Qxb7 Bxb7 32. exf6 Rxc4 33. f5 Re4 34. Red1 exf5 35. Bxd3 Red4 36. gxf5 Be4 37. fxg6 hxg6 38. Rc1 Rxd3 39. Re2 Rd1+ 40. Rxd1 Rxd1+ 41. Kf2 Bd5 42. Re8+ Kh7 43. Rb8 Be6 44. h4 Rd4 45. Rxb6 Rxh4 46. b5 Rb4 47. Ke3 Bc4 48. Kd4 Rxb5 49. Rc6 Be6 50. Rc7 Rf5 0-1

[Event "WchT Blitz Pool B"]
[Site "London"]
[Date "2025.06.14"]
[Round "4.2"]
[White "Bansal, Rohan"]
[Black "Sefton, Adam"]
[Result "1-0"]
[WhiteElo "2005"]
[BlackElo "2047"]
[PlyCount "59"]
[EventDate "2025.06.14"]
[EventType "team-tourn"]
[EventRounds "13"]
[EventCountry "ENG"]
[SourceTitle "CB25_2025"]
[SourceDate "2025.06.18"]
[SourceVersion "1"]
[SourceVersionDate "2025.06.18"]
[SourceQuality "1"]
[WhiteTeam "Desert Penguins"]
[BlackTeam "UK Challenge Masters"]
[WhiteTeamCountry "ENG"]
[BlackTeamCountry "ENG"]

1. d4 Nf6 2. Nf3 e6 3. e3 d5 4. b3 Nbd7 5. Bb2 Bd6 6. Bd3 b6 7. 0-0 Bb7 8. Nbd2 Ne4 9. Ne5 0-0 10. f3 Nxd2 11. Qxd2 f6 12. Nxd7 Qxd7 13. e4 a5 14. a3 c5 15. e5 fxe5 16. dxe5 Bc7 17. f4 b5 18. c4 dxc4 19. Bxh7+ Kxh7 20. Qxd7 Rac8 21. Qxe6 cxb3 22. f5 Rce8 23. Qg6+ Kg8 24. e6 Re7 25. f6 Be4 26. Qxe4 gxf6 27. Bxf6 Rff7 28. Bxe7 Rxe7 29. Rf6 b2 30. Raf1 1-0

[Event "WchT Blitz Pool B"]
[Site "London"]
[Date "2025.06.14"]
[Round "10.2"]
[White "Murzin, Volodar"]
[Black "Bansal, Rohan"]
[Result "1-0"]
[WhiteElo "2666"]
[BlackElo "2005"]
[PlyCount "69"]
[EventDate "2025.06.14"]
[EventType "team-tourn"]
[EventRounds "13"]
[EventCountry "ENG"]
[SourceTitle "CB25_2025"]
[SourceDate "2025.06.18"]
[SourceVersion "1"]
[SourceVersionDate "2025.06.18"]
[SourceQuality "1"]
[WhiteTeam "Hexamind Team"]
[BlackTeam "Desert Penguins"]
[WhiteTeamCountry "USA"]
[BlackTeamCountry "ENG"]

1. d4 Nf6 2. Nf3 e6 3. Bf4 b6 4. Nbd2 Bb7 5. e3 d6 6. c3 Nbd7 7. h3 Be7 8. Bh2 0-0 9. Be2 Re8 10. 0-0 Ne4 11. a4 a5 12. Bb5 Nxd2 13. Nxd2 Ba6 14. Qe2 Bxb5 15. axb5 e5 16. Rfc1 Bf6 17. Qf3 Qe7 18. Ne4 exd4 19. Nxf6+ Qxf6 20. cxd4 Qxf3 21. gxf3 Ra7 22. Rc2 Re7 23. b4 Nf6 24. bxa5 bxa5 25. Rca2 Rb7 26. Rxa5 h6 27. Ra7 Rxb5 28. Bxd6 Rd7 29. Bxc7 Rb2 30. Be5 Rxa7 31. Rxa7 Nd5 32. e4 Nc3 33. d5 Ne2+ 34. Kf1 Rc2 35. d6 1-0

[Event "WchT Blitz Pool B"]
[Site "London"]
[Date "2025.06.14"]
[Round "12.2"]
[White "Steinberg, Nitzan"]
[Black "Bansal, Rohan"]
[Result "1-0"]
[WhiteElo "2554"]
[BlackElo "2005"]
[PlyCount "49"]
[EventDate "2025.06.14"]
[EventType "team-tourn"]
[EventRounds "13"]
[EventCountry "ENG"]
[SourceTitle "CB25_2025"]
[SourceDate "2025.06.18"]
[SourceVersion "1"]
[SourceVersionDate "2025.06.18"]
[SourceQuality "1"]
[WhiteTeam "Rishon LeZion"]
[BlackTeam "Desert Penguins"]
[WhiteTeamCountry "ISR"]
[BlackTeamCountry "ENG"]

1. e4 e6 2. d4 d5 3. Nd2 h6 4. a3 Nf6 5. e5 Nfd7 6. Bd3 c5 7. c3 Nc6 8. Ne2 Qb6 9. Nf3 g5 10. h3 Be7 11. b4 cxd4 12. cxd4 a6 13. Be3 Nf8 14. Ng3 Bd7 15. Nh5 Kd8 16. 0-0 Rg8 17. Nh2 Kc8 18. Ng4 Kb8 19. Nxh6 Rh8 20. Nxf7 Rg8 21. Nf6 Bxf6 22. exf6 Nxd4 23. Ne5 Rh8 24. Qg4 Rh4 25. Qxg5 1-0

[Event "WchT Rapid"]
[Site "London"]
[Date "2025.06.12"]
[Round "8.3"]
[White "Beknazarov, Emir"]
[Black "Bansal, Rohan"]
[Result "0-1"]
[WhiteElo "1870"]
[BlackElo "1956"]
[PlyCount "136"]
[EventDate "2025.06.11"]
[EventType "team-swiss"]
[EventRounds "12"]
[EventCountry "ENG"]
[SourceTitle "CB25_2025"]
[SourceDate "2025.06.18"]
[SourceVersion "1"]
[SourceVersionDate "2025.06.18"]
[SourceQuality "1"]
[WhiteTeam "KYR Youth"]
[BlackTeam "Desert Penguins"]
[WhiteTeamCountry "KGZ"]
[BlackTeamCountry "ENG"]

1. e4 e6 2. d3 b6 3. g3 Bb7 4. Bg2 Nf6 5. Nf3 Be7 6. 0-0 d6 7. Nbd2 Nbd7 8. Re1 c5 9. a4 a6 10. b3 0-0 11. Bb2 Ne8 12. Nc4 b5 13. Ne3 Bf6 14. Bxf6 Nexf6 15. Qe2 Qc7 16. Nd2 Bc6 17. f4 d5 18. e5 Ne8 19. Nf3 d4 20. Ng4 Qb7 21. axb5 axb5 22. b4 cxb4 23. Nxd4 Bxg2 24. Qxg2 Qxg2+ 25. Kxg2 Nc7 26. Ne3 Ra4 27. Reb1 Rfa8 28. Rxa4 Rxa4 29. Kf3 Kf8 30. Nc6 Na6 31. Nd4 Nc7 32. Nc6 Na6 33. Na7 Nc7 34. Nc6 Na6 35. Na7 Nc7 36. Nc8 Ne8 37. Ke2 Nc5 38. Rb2 Na6 39. d4 Nec7 40. Nd6 Ra1 41. Kf3 Ra3 42. Kf2 g6 43. g4 Ke7 44. f5 gxf5 45. gxf5 exf5 46. d5 f4 47. Nef5+ Kd7 48. Nxf7 Nxd5 49. Nd4 Nac7 50. Rb1 Re3 51. Nf5 Ke6 52. N7d6 Rxe5 53. Rg1 Rxf5 54. Nxf5 Kxf5 55. Rg7 Ne6 56. Rxh7 Nd4 57. Rb7 Ne3 58. Ra7 Nexc2 59. Ra2 b3 60. Rb2 Na3 61. h4 Nc4 62. Rb1 Kg4 63. Rh1 Nf5 64. h5 b2 65. Rb1 Kxh5 66. Ke2 Kg4 67. Kd3 f3 68. Rg1+ Ng3 0-1

[Event "BCF-chT4S 2324 (4NCL)"]
[Site "England"]
[Date "2024.01.06"]
[Round "3.34"]
[White "Twisk, Sebastian"]
[Black "Bansal, Rohan"]
[Result "1-0"]
[WhiteElo "1853"]
[BlackElo "1989"]
[PlyCount "129"]
[EventDate "2024.02.11"]
[EventType "team-swiss"]
[EventRounds "11"]
[EventCountry "ENG"]
[SourceTitle "EXT 2025"]
[Source "ChessBase"]
[SourceDate "2024.10.14"]
[SourceVersion "1"]
[SourceVersionDate "2024.10.14"]
[SourceQuality "1"]
[WhiteTeam "Guildford Young Guns"]
[BlackTeam "Desert Penguins"]
[WhiteTeamCountry "ENG"]
[BlackTeamCountry "ENG"]

1. e4 e6 2. d4 b6 3. Bd3 Bb7 4. Nc3 Bb4 5. Nge2 Nf6 6. 0-0 c5 7. e5 Ng4 8. Bf4 h5 9. Ne4 c4 10. Bxc4 Bxe4 11. f3 g5 12. Bd2 Bxd2 13. Qxd2 Nxh2 14. Kxh2 Bb7 15. Qe3 g4 16. Qf2 Qe7 17. fxg4 hxg4+ 18. Kg1 Nc6 19. Qf6 Qxf6 20. Rxf6 Ne7 21. Ng3 Rc8 22. Bb3 Nd5 23. Rf2 Ne7 24. Raf1 Rh7 25. Rf4 Ng6 26. Rxg4 Ke7 27. c3 Ba6 28. Rf2 Rch8 29. Bc2 Rh6 30. Bxg6 fxg6 31. Rf6 Bd3 32. Kf2 d6 33. Ne4 dxe5 34. dxe5 Rd8 35. Ng5 Bf5 36. Rd4 Rxd4 37. cxd4 Rh4 38. Rf7+ Ke8 39. Rxa7 Rxd4 40. Nf3 Rc4 41. b3 Rc2+ 42. Kg3 Re2 43. Ra6 Kd7 44. Rxb6 Rxa2 45. Rd6+ Ke7 46. Nd4 g5 47. b4 Ra3+ 48. Kh2 Re3 49. Ra6 g4 50. Ra7+ Ke8 51. Nxf5 exf5 52. b5 Rb3 53. Rb7 f4 54. b6 Kd8 55. e6 Rb2 56. Kg1 g3 57. Kf1 Rf2+ 58. Ke1 Rxg2 59. Rd7+ Ke8 60. b7 Rb2 61. Rg7 g2 62. Rxg2 Rb1+ 63. Kd2 Kd8 64. e7+ Kxe7 65. Rg8 1-0

[Event "BCF-chT4S 2324 (4NCL)"]
[Site "England"]
[Date "2023.11.19"]
[Round "2.53"]
[White "Angelopoulos, Andreas"]
[Black "Bansal, Rohan"]
[Result "0-1"]
[WhiteElo "1600"]
[BlackElo "1981"]
[PlyCount "72"]
[EventDate "2024.02.11"]
[EventType "team-swiss"]
[EventRounds "11"]
[EventCountry "ENG"]
[SourceTitle "EXT 2025"]
[Source "ChessBase"]
[SourceDate "2024.10.14"]
[SourceVersion "1"]
[SourceVersionDate "2024.10.14"]
[SourceQuality "1"]
[WhiteTeam "Barnet Knights III"]
[BlackTeam "Desert Penguins"]
[WhiteTeamCountry "ENG"]
[BlackTeamCountry "ENG"]

1. d4 f5 2. c4 Nf6 3. Nc3 e6 4. g3 Bb4 5. Bg2 0-0 6. Nh3 Ne4 7. Qc2 d5 8. 0-0 c6 9. a3 Be7 10. c5 a5 11. Na4 Bf6 12. Qd3 Nd7 13. f3 Ng5 14. Bxg5 Bxg5 15. Nxg5 Qxg5 16. e4 b5 17. Nc3 f4 18. g4 Bb7 19. e5 Ra7 20. b4 Rfa8 21. bxa5 Rxa5 22. Nb1 b4 23. Rf2 Nxe5 24. Qb3 Nc4 25. Qxb4 Rb5 26. Qc3 Qg6 27. Nd2 Ne3 28. Rc1 Ra4 29. Re2 Ba6 30. Ree1 Rba5 31. Qb2 Bb5 32. Nb3 Ra8 33. h4 Rxa3 34. h5 Qd3 35. Rc3 Ra2 36. Qc1 Rxg2+ 0-1

[Event "BCF-chT2 2223 (4NCL)"]
[Site "England"]
[Date "2023.02.12"]
[Round "6.65"]
[White "Dargan, Paul AG"]
[Black "Bansal, Rohan"]
[Result "1-0"]
[WhiteElo "2164"]
[BlackElo "2098"]
[PlyCount "73"]
[EventDate "2022.10.22"]
[EventType "team-tourn"]
[EventRounds "11"]
[EventCountry "ENG"]
[SourceTitle "EXT 2024"]
[Source "ChessBase"]
[SourceDate "2023.10.10"]
[SourceVersion "1"]
[SourceVersionDate "2023.10.10"]
[SourceQuality "1"]
[WhiteTeam "North East England"]
[BlackTeam "KJCA Kings"]
[WhiteTeamCountry "ENG"]
[BlackTeamCountry "ENG"]

1. d4 Nf6 2. c4 e6 3. Nf3 b6 4. a3 Bb7 5. Nc3 d5 6. cxd5 Nxd5 7. e3 Be7 8. Bb5+ c6 9. Bd3 Nd7 10. 0-0 Rc8 11. e4 Nxc3 12. bxc3 0-0 13. Qe2 Qc7 14. Bb2 c5 15. Rad1 c4 16. Bb1 Rfe8 17. e5 Qc6 18. Bc1 Qa4 19. Bc2 Qa5 20. Bb2 b5 21. h4 Nb6 22. Ng5 Bxg5 23. hxg5 Na4 24. Ba1 Nb6 25. Bb2 Na4 26. Bb1 Nxc3 27. Qd2 b4 28. Bxc3 bxc3 29. Qf4 g6 30. Kh2 Qxa3 31. Rh1 Bd5 32. Bc2 Qf8 33. Kg3 Qg7 34. Rh6 Rc7 35. Rdh1 f5 36. gxf6 g5 37. Qg4 1-0

[Event "Newcastle Northumbria Masters"]
[Site "Newcastle on Tyne"]
[Date "2022.08.29"]
[Round "7"]
[White "Bansal, Rohan"]
[Black "Arnott, Jonathan"]
[Result "1/2-1/2"]
[WhiteElo "1985"]
[BlackElo "2160"]
[PlyCount "68"]
[EventDate "2022.08.26"]
[EventType "swiss"]
[EventRounds "9"]
[EventCountry "ENG"]
[SourceTitle "CBM 210 Extra"]
[Source "ChessBase"]
[SourceDate "2022.11.30"]
[SourceVersion "1"]
[SourceVersionDate "2022.11.30"]
[SourceQuality "1"]

1. d4 e6 2. c4 d5 3. Nc3 a6 4. cxd5 exd5 5. Nf3 c6 6. Bf4 Bd6 7. Bxd6 Qxd6 8. e3 Nf6 9. Bd3 0-0 10. Qc2 b5 11. 0-0 Nbd7 12. e4 dxe4 13. Nxe4 Qd5 14. Rfe1 Bb7 15. a3 h6 16. Rac1 Rfe8 17. Nxf6+ Nxf6 18. Re5 Qd8 19. Qe2 Qd7 20. Rcc5 Nd5 21. Qe4 g6 22. h4 h5 23. Bb1 Rad8 24. Ba2 Rxe5 25. Nxe5 Qe6 26. Qf3 Kg7 27. Bxd5 Rxd5 28. Rxd5 cxd5 29. Qc3 Qc8 30. Qxc8 Bxc8 31. b4 f6 32. Nd3 g5 33. g3 Kg6 34. Kg2 Kf5 1/2-1/2

[Event "Newcastle Northumbria Masters"]
[Site "Newcastle on Tyne"]
[Date "2022.08.28"]
[Round "5"]
[White "Bezuidenhout, Roland Reinhold"]
[Black "Bansal, Rohan"]
[Result "1-0"]
[WhiteElo "2269"]
[BlackElo "1985"]
[PlyCount "67"]
[EventDate "2022.08.26"]
[EventType "swiss"]
[EventRounds "9"]
[EventCountry "ENG"]
[SourceTitle "CBM 210 Extra"]
[Source "ChessBase"]
[SourceDate "2022.11.30"]
[SourceVersion "1"]
[SourceVersionDate "2022.11.30"]
[SourceQuality "1"]

1. e4 e6 2. d4 d5 3. exd5 exd5 4. Bd3 Bd6 5. Nc3 c6 6. Nge2 Nf6 7. Bg5 Nbd7 8. Qd2 0-0 9. 0-0-0 b5 10. Ng3 b4 11. Nce2 Qa5 12. Kb1 Re8 13. Nf5 Bf8 14. f3 Ba6 15. Nc1 Bxd3 16. Nxd3 Qb6 17. h4 a5 18. h5 c5 19. dxc5 Nxc5 20. Nxc5 Bxc5 21. Qf4 Re2 22. Nxg7 Kxg7 23. h6+ Kg6 24. Bh4 Be3 25. Qg3+ Kf5 26. Bxf6 Kxf6 27. Rxd5 Ke7 28. Re5+ Kd7 29. Qg4+ Kd6 30. Qf5 Qc6 31. Rd1+ Rd2 32. Rxd2+ Bxd2 33. Qf6+ Kc7 34. Qxf7+ 1-0

[Event "BCF-chT 2122 (4NCL)"]
[Site "England"]
[Date "2022.05.02"]
[Round "9.137"]
[White "Grassie, Duncan"]
[Black "Bansal, Rohan"]
[Result "0-1"]
[WhiteElo "2065"]
[BlackElo "1957"]
[PlyCount "100"]
[EventDate "2021.11.27"]
[EventType "team-swiss"]
[EventRounds "11"]
[EventCountry "ENG"]
[SourceTitle "EXT 2023"]
[Source "ChessBase"]
[SourceDate "2022.10.05"]
[SourceVersion "1"]
[SourceVersionDate "2022.10.05"]
[SourceQuality "1"]
[WhiteTeam "Alba"]
[BlackTeam "KJCA Kings"]
[WhiteTeamCountry "ENG"]
[BlackTeamCountry "ENG"]

1. d4 e6 2. e4 d5 3. e5 c5 4. c3 Bd7 5. Nf3 Qb6 6. Be2 Bb5 7. 0-0 Bxe2 8. Qxe2 Qa6 9. Qc2 b6 10. Be3 Nd7 11. a4 Rc8 12. Qb3 c4 13. Qb5 Qb7 14. a5 a6 15. Qa4 b5 16. Qc2 Ne7 17. Nbd2 Qc7 18. Ng5 g6 19. f4 h6 20. Nh3 Nf5 21. Bf2 h5 22. Ng5 Be7 23. Ndf3 Qd8 24. h3 Nf8 25. Qd2 Nh7 26. Nxh7 Rxh7 27. g4 Ng7 28. Ne1 Kd7 29. Nc2 hxg4 30. hxg4 Qh8 31. Bg3 Rh1+ 32. Kf2 Rxf1+ 33. Rxf1 Qh3 34. Ne3 Rh8 35. Rg1 Bh4 36. Qc2 Qh2+ 37. Kf1 Bxg3 38. f5 Qxc2 39. Nxc2 Bf4 40. Nb4 gxf5 41. Nxa6 Rh2 42. Nc5+ Kc7 43. Na6+ Kb7 44. Nc5+ Ka7 45. g5 Be3 46. g6 Bxg1 47. gxf7 Rh8 48. Nd7 Be3 49. Ke2 Bc1 50. f8Q Rxf8 0-1

[Event "Leamington Spa 4NCL op 26th"]
[Site "Leamington Spa"]
[Date "2021.09.12"]
[Round "5"]
[White "Zhu, Yaoyao"]
[Black "Bansal, Rohan"]
[Result "1/2-1/2"]
[WhiteElo "1886"]
[BlackElo "2042"]
[PlyCount "87"]
[EventDate "2021.09.10"]
[EventType "swiss"]
[EventRounds "5"]
[EventCountry "ENG"]
[SourceTitle "CBM 204 Extra"]
[Source "ChessBase"]
[SourceDate "2021.11.30"]
[SourceVersion "1"]
[SourceVersionDate "2021.11.30"]
[SourceQuality "1"]

1. e4 e6 2. d3 c5 3. Nf3 Nc6 4. g3 g6 5. Bg2 Bg7 6. 0-0 Nge7 7. c3 0-0 8. Re1 d5 9. e5 b5 10. Be3 Nxe5 11. Nxe5 Bxe5 12. Bxc5 Bd6 13. Bxd6 Qxd6 14. d4 a5 15. Nd2 a4 16. a3 Nc6 17. h4 Bd7 18. Nf3 f6 19. Qd2 Kg7 20. Nh2 Ne7 21. Re2 Rae8 22. Nf3 Nc6 23. Ne1 Re7 24. Nd3 e5 25. dxe5 fxe5 26. Nb4 Nxb4 27. axb4 Bc6 28. Rd1 Rd8 29. h5 Qf6 30. h6+ Kg8 31. Qe3 Qd6 32. f4 Rde8 33. Qd2 exf4 34. Rxe7 Qxe7 35. Bxd5+ Bxd5 36. Qxd5+ Kf8 37. Qd4 Qe3+ 38. Qxe3 fxe3 39. Re1 Kf7 40. Kg2 Kf6 41. Kf3 Kg5 42. Rxe3 Rf8+ 43. Ke4 Kxh6 44. Kd5 1/2-1/2

[Event "Leamington Spa 4NCL op 26th"]
[Site "Leamington Spa"]
[Date "2021.09.11"]
[Round "3"]
[White "Bezuidenhout, Roland Reinhold"]
[Black "Bansal, Rohan"]
[Result "1-0"]
[WhiteElo "2196"]
[BlackElo "2042"]
[PlyCount "46"]
[EventDate "2021.09.10"]
[EventType "swiss"]
[EventRounds "5"]
[EventCountry "ENG"]
[SourceTitle "CBM 204 Extra"]
[Source "ChessBase"]
[SourceDate "2021.11.30"]
[SourceVersion "1"]
[SourceVersionDate "2021.11.30"]
[SourceQuality "1"]

1. e4 e6 2. d3 c5 3. Nf3 Nc6 4. g3 g6 5. Bg2 Bg7 6. 0-0 Nge7 7. c3 0-0 8. Re1 d5 9. e5 Qc7 10. Bf4 b5 11. Nbd2 a5 12. h4 a4 13. Nf1 b4 14. Qd2 a3 15. b3 Ba6 16. c4 dxc4 17. dxc4 Nf5 18. Ne3 Rad8 19. Qc1 Nfd4 20. Ng4 Nxf3+ 21. Bxf3 Nd4 22. Be4 Bb7 23. Bh6 Bxe5 1-0

[Event "London Classic op 11th"]
[Site "London"]
[Date "2019.11.29"]
[Round "1"]
[White "Fernandez, Daniel Howard"]
[Black "Bansal, Rohan"]
[Result "1-0"]
[WhiteElo "2444"]
[BlackElo "2018"]
[PlyCount "97"]
[EventDate "2019.11.29"]
[EventType "swiss"]
[EventRounds "9"]
[EventCountry "ENG"]
[SourceTitle "CBM 193 Extra"]
[Source "ChessBase"]
[SourceDate "2020.01.31"]
[SourceVersion "1"]
[SourceVersionDate "2020.01.31"]
[SourceQuality "1"]

1. c4 Nf6 2. g3 e6 3. Bg2 d5 4. Nf3 Nc6 5. 0-0 Bd6 6. d4 dxc4 7. Nbd2 0-0 8. Nxc4 Re8 9. Bf4 Nd5 10. Qd2 Bb4 11. Qd3 Nxf4 12. gxf4 Qf6 13. e3 Qg6 14. Rfd1 Be7 15. Qxg6 hxg6 16. Rac1 Nb4 17. a3 Nd5 18. Na5 c6 19. b4 Rb8 20. Ne5 Bd6 21. Kf1 Bxe5 22. fxe5 f6 23. Ke2 Kf7 24. Nc4 Ke7 25. h4 Rh8 26. Rh1 Bd7 27. Be4 Rh6 28. Nd6 b6 29. Rhg1 f5 30. Bxd5 cxd5 31. h5 Rxh5 32. Rxg6 Rh7 33. Rc7 a5 34. Nxf5+ Kd8 35. Ra7 Bb5+ 36. Kf3 exf5 37. Kf4 axb4 38. axb4 Rh4+ 39. Kg5 Rg4+ 40. Kxf5 Bd3+ 41. Kxg4 Bxg6 42. Rxg7 Be8 43. Kf5 Rc8 44. e6 Rc7 45. Rxc7 Kxc7 46. Ke5 Bc6 47. f4 Bb7 48. f5 Bc6 49. f6 1-0

[Event "BCF-chT2 1819 (4NCL) Promotion"]
[Site "England"]
[Date "2019.03.17"]
[Round "8.34"]
[White "Stanisz, Patryk"]
[Black "Bansal, Rohan"]
[Result "1/2-1/2"]
[WhiteElo "2141"]
[BlackElo "2036"]
[PlyCount "87"]
[EventDate "2018.11.10"]
[EventType "team-tourn"]
[EventRounds "11"]
[EventCountry "ENG"]
[SourceTitle "EXT 2021"]
[Source "ChessBase"]
[SourceDate "2020.10.23"]
[SourceVersion "1"]
[SourceVersionDate "2020.10.23"]
[SourceQuality "1"]
[WhiteTeam "Cambridge University"]
[BlackTeam "KJCA Kings"]
[WhiteTeamCountry "ENG"]
[BlackTeamCountry "ENG"]

1. Nf3 Nf6 2. c4 e6 3. Nc3 b6 4. g3 Bb7 5. Bg2 Be7 6. 0-0 0-0 7. d4 Ne4 8. Qc2 Nxc3 9. Qxc3 Be4 10. b4 Bf6 11. c5 d6 12. cxd6 Qxd6 13. Bf4 Qd5 14. Be5 Nc6 15. Bxf6 gxf6 16. Rfd1 Rad8 17. Rd2 Kg7 18. Rad1 a5 19. a3 axb4 20. axb4 Qb5 21. Ne1 Bxg2 22. Nxg2 Rd6 23. d5 Qxb4 24. Qc1 Rfd8 25. Ne3 Ne7 26. Rd4 Qb3 27. R1d3 Qa2 28. Rg4+ Ng6 29. dxe6 Qxe6 30. Qxc7 Rxd3 31. Rc4 Ne5 32. exd3 Rxd3 33. Rf4 Rd7 34. Qc2 Qc6 35. Nf5+ Kf8 36. Qe2 Ra7 37. f3 Qc5+ 38. Kg2 Rd7 39. Qa2 Qc7 40. Ra4 Rd8 41. Ra7 Qc3 42. Qd5 Qc2+ 43. Kf1 Qc1+ 44. Kg2 1/2-1/2

[Event "BCF-chT2b 1718 (4NCL)"]
[Site "England"]
[Date "2018.03.17"]
[Round "7.83"]
[White "Taylor, William J"]
[Black "Bansal, Rohan"]
[Result "1-0"]
[WhiteElo "2066"]
[BlackElo "2028"]
[PlyCount "61"]
[EventDate "2017.11.11"]
[EventType "team-tourn"]
[EventRounds "7"]
[EventCountry "ENG"]
[SourceTitle "EXT 2020"]
[Source "ChessBase"]
[SourceDate "2019.10.17"]
[SourceVersion "1"]
[SourceVersionDate "2019.10.17"]
[SourceQuality "1"]
[WhiteTeam "West is Best II"]
[BlackTeam "KJCA Kings"]
[WhiteTeamCountry "WLS"]
[BlackTeamCountry "ENG"]

1. e4 e6 2. d4 d5 3. Nd2 c5 4. exd5 Qxd5 5. dxc5 Nf6 6. Nb3 Qxd1+ 7. Kxd1 a6 8. f3 Be7 9. Bd3 0-0 10. Ne2 Nbd7 11. Be3 Ne5 12. Nc3 Rd8 13. Ke2 Nxd3 14. cxd3 e5 15. Rhd1 Be6 16. Na5 Nd5 17. Nxd5 Bxd5 18. Nc4 Bxc4 19. dxc4 f6 20. Rd5 Kf7 21. Rad1 Ke6 22. f4 Rac8 23. fxe5 fxe5 24. b4 a5 25. b5 Rc7 26. Kd3 Rdd7 27. Ke4 Bf6 28. Rd6+ Kf7 29. Rf1 Kg8 30. Kd5 Be7 31. Rc1 1-0

[Event "BCF-chT2b 1718 (4NCL)"]
[Site "England"]
[Date "2017.11.12"]
[Round "2.76"]
[White "Baruch, Andrew JD"]
[Black "Bansal, Rohan"]
[Result "1/2-1/2"]
[WhiteElo "2089"]
[BlackElo "1973"]
[PlyCount "46"]
[EventDate "2017.11.11"]
[EventType "team-tourn"]
[EventRounds "7"]
[EventCountry "ENG"]
[SourceTitle "EXT 2020"]
[Source "ChessBase"]
[SourceDate "2019.10.17"]
[SourceVersion "1"]
[SourceVersionDate "2019.10.17"]
[SourceQuality "1"]
[WhiteTeam "Warwicks Select"]
[BlackTeam "KJCA Kings"]
[WhiteTeamCountry "ENG"]
[BlackTeamCountry "ENG"]

1. g3 d5 2. c4 c6 3. Bg2 Nf6 4. Nf3 Bf5 5. b3 e6 6. Bb2 h6 7. 0-0 Be7 8. d3 Nbd7 9. Nbd2 0-0 10. Rc1 Bh7 11. Rc2 a5 12. a3 Ne8 13. Qa1 Bf6 14. Rfc1 Bxb2 15. Qxb2 Qf6 16. Bh3 Qxb2 17. Rxb2 Ndf6 18. Ne5 Nd6 19. Ndf3 Rfd8 20. c5 Nf5 21. g4 Ne7 22. g5 Nd7 23. Nxd7 Rxd7 1/2-1/2